[Event "Mittelfrankenliga 05/06 (B2b)"]
[Site "Mfr.2005/06-R8"]
[Date "2006.04.02"]
[Round "8.7"]
[White "Kurz, Christian"]
[Black "Uhlendorff, Daniel"]
[Result "1/2-1/2"]
[WhiteElo "1830"]
[BlackElo "1697"]
[Annotator "SK Schwabach2-Bechhofen1"]
[PlyCount "111"]
[EventDate "2006.04.02"]
[SourceDate "2005.10.17"]

1. e4 e6 2. d4 d5 3. Nd2 Nc6 4. Ngf3 dxe4 5. Nxe4 Be7 6. c3 Nf6 7. Bd3 Bd7 8.
Qe2 Nd5 9. h4 h6 10. a3 Bd6 11. Nxd6+ cxd6 12. c4 Nf6 13. O-O O-O 14. Bf4 Qe7
15. b4 Rfe8 16. Rfe1 b6 17. Rac1 Rac8 18. Bb1 Nd8 19. Qd3 Bc6 20. Nd2 Ba8 21.
f3 Qb7 22. Bxd6 g6 23. Bf4 Kh7 24. Be5 Qe7 25. Ne4 Nxe4 26. fxe4 Qxh4 27. Qf3
Qe7 28. Bf6 Qf8 29. Rf1 Nc6 30. d5 Nb8 31. Be5 f5 32. exf5 exf5 33. Bd4 Nd7 34.
Bd3 Ne5 35. Bxe5 Rxe5 36. Qg3 Rce8 37. Rfe1 Qd6 38. Rxe5 Qxe5 39. Qxe5 Rxe5 40.
Kf2 Kg7 41. Be2 Kf7 42. d6 Bxg2 43. c5 bxc5 44. Kxg2 Rxe2+ 45. Kf3 Rd2 46. bxc5
Ke8 47. Kf4 Rd5 48. c6 Kd8 49. d7 Kc7 50. Rh1 g5+ 51. Ke3 f4+ 52. Ke4 Rd6 53.
Rc1 Re6+ 54. Kf5 Rd6 55. Kg4 Rd3 56. Rc5 1/2-1/2

[Event "Mittelfrankenliga 05/06 (B2b)"]
[Site "Mfr.2005/06-R8"]
[Date "2006.04.02"]
[Round "8.8"]
[White "Sauer, Edwin"]
[Black "Sandner, Andreas"]
[Result "0-1"]
[WhiteElo "1815"]
[BlackElo "1596"]
[Annotator "SK Schwabach2-Bechhofen1"]
[PlyCount "96"]
[EventDate "2006.04.02"]
[SourceDate "2005.10.17"]

1. e4 c6 2. Nc3 g6 3. d4 d5 4. exd5 cxd5 5. g3 Nf6 6. Bg2 Bg7 7. Nf3 O-O 8. O-O
Nc6 9. Be3 Bf5 10. a3 Rc8 11. Ne5 h5 12. Qd2 Na5 13. h3 Nc4 14. Nxc4 Rxc4 15.
f3 Qd6 16. g4 Be6 17. g5 Nd7 18. f4 Rfc8 19. Rf2 Qb6 20. Rc1 Bxd4 21. Bxd4 Rxd4
22. Qe3 Qxb2 23. Ne2 Rdc4 24. c3 Qxa3 25. Rf3 d4 26. Qd2 Qc5 27. Kh2 dxc3 28.
Rcxc3 Nb6 29. Rxc4 Nxc4 30. Qc3 Bd5 31. Rd3 Bxg2 32. Kxg2 Qf5 33. Rf3 Nd6 34.
Qe3 Qe4 35. Qxe4 Nxe4 36. Re3 Rc4 37. Rd3 Nd6 38. Kf3 a5 39. Nc3 b5 40. Nd5 Kf8
41. Re3 Nf5 42. Ra3 a4 43. Nb6 Rb4 44. Nd7+ Ke8 45. Nc5 Nd4+ 46. Kg3 Ne6 47.
Nxe6 fxe6 48. Kg2 Rxf4 0-1

[Event "Mittelfrankenliga 05/06 (B2b)"]
[Site "Mfr.2005/06-R8"]
[Date "2006.04.02"]
[Round "8.1"]
[White "Witt, Alfred"]
[Black "Diehl, Achim"]
[Result "1-0"]
[WhiteElo "1926"]
[BlackElo "1956"]
[Annotator "SW Nbg.3-Ansbach1"]
[PlyCount "123"]
[EventDate "2006.04.02"]
[SourceDate "2005.10.17"]

1. e4 c5 2. c3 d6 3. d4 e5 4. Nf3 Qc7 5. Bb5+ Bd7 6. Bxd7+ Nxd7 7. O-O Ngf6 8.
Re1 Be7 9. Nbd2 cxd4 10. cxd4 Rc8 11. Nf1 O-O 12. Bg5 Qc2 13. Re2 Qc6 14. Ng3
g6 15. Rc1 Qb5 16. Rec2 Rxc2 17. Qxc2 exd4 18. a4 Qb6 19. Rd1 Nc5 20. Nxd4 Re8
21. Nb5 a6 22. Nc3 Qc6 23. f3 Ne6 24. Be3 Rc8 25. Qb3 Bd8 26. Qb4 Nc5 27. Qd4
Ne8 28. Nd5 Qxa4 29. Rc1 Qxd4 30. Bxd4 Rc6 31. Nb4 Rb6 32. Nd5 Rb5 33. b4 Ne6
34. Rc8 Kf8 35. Be3 f6 36. Ne2 Kf7 37. Nec3 N8c7 38. Nxc7 Bxc7 39. Nxb5 axb5
40. g4 g5 41. Kf2 Ke7 42. Ke2 Kd7 43. Rh8 Kc6 44. Rxh7 d5 45. exd5+ Kxd5 46.
Kd3 Bd6 47. Rxb7 Bxh2 48. Rxb5+ Kc6 49. Rb6+ Kd5 50. Ra6 Be5 51. Ra5+ Kd6 52.
Kc4 Bb2 53. Ra6+ Kd7 54. Ra2 Be5 55. b5 Nc7 56. Bc5 Ne6 57. Ra7+ Kc8 58. Be3
Bb2 59. Kd5 Nd8 60. Bb6 Be5 61. Bxd8 Kxd8 62. Kc6 1-0

[Event "Mittelfrankenliga 05/06 (B2b)"]
[Site "Mfr.2005/06-R8"]
[Date "2006.04.02"]
[Round "8.2"]
[White "Werner, Thomas[65]"]
[Black "Reizine, Viatcheslav"]
[Result "0-1"]
[WhiteElo "1910"]
[BlackElo "1944"]
[Annotator "SW Nbg.3-Ansbach1"]
[PlyCount "78"]
[EventDate "2006.04.02"]
[SourceDate "2005.10.17"]

1. d4 Nf6 2. c4 e6 3. Nf3 d5 4. Bg5 Nbd7 5. cxd5 exd5 6. Nc3 Be7 7. e3 O-O 8.
Bd3 c6 9. Qc2 h6 10. Bh4 Re8 11. h3 Ne4 12. Bxe7 Qxe7 13. O-O f5 14. Rab1 Qf6
15. b4 b5 16. a4 a6 17. Ra1 Bb7 18. Nd2 Qg5 19. Bxe4 fxe4 20. Nb3 Re6 21. Ne2
Rf8 22. Nf4 Ref6 23. axb5 cxb5 24. Na5 Bc8 25. Nc6 Nb6 26. Rac1 Rxf4 27. exf4
Rxf4 28. Kh2 Nc4 29. Ne5 Be6 30. Nxc4 bxc4 31. Qd2 Qf6 32. Ra1 Bc8 33. b5 Qd6
34. Kh1 axb5 35. Ra8 Rf8 36. Rfa1 b4 37. R1a5 c3 38. Qa2 e3 39. fxe3 Rf1# 0-1

[Event "Mittelfrankenliga 05/06 (B2b)"]
[Site "Mfr.2005/06-R8"]
[Date "2006.04.02"]
[Round "8.3"]
[White "Kiefer, Johannes"]
[Black "Konsek, Peter"]
[Result "0-1"]
[WhiteElo "1740"]
[BlackElo "1953"]
[Annotator "SW Nbg.3-Ansbach1"]
[PlyCount "96"]
[EventDate "2006.04.02"]
[SourceDate "2005.10.17"]

1. Nf3 c5 2. c4 g6 3. g3 Bg7 4. Bg2 Nc6 5. Nc3 d6 6. d3 e5 7. O-O Nge7 8. h3
O-O 9. Kh2 f5 10. e3 h6 11. Ng1 Be6 12. Nge2 d5 13. cxd5 Nxd5 14. Nxd5 Bxd5 15.
Bxd5+ Qxd5 16. Nc3 Qd7 17. e4 b6 18. Nd5 Kh7 19. Rb1 Ne7 20. Nxe7 Qxe7 21. Qe2
Rad8 22. exf5 gxf5 23. f4 Qd6 24. Rf3 Rfe8 25. Qc2 Qd5 26. Kg2 Qxa2 27. fxe5
Rxe5 28. Be3 Qd5 29. Bf4 Re6 30. Rbf1 Rde8 31. R1f2 Bd4 32. g4 fxg4 33. hxg4
Rg8 34. Kg3 Rxg4+ 35. Kh2 Rh4+ 36. Rh3 Rxh3+ 37. Kxh3 Qh5+ 38. Kg2 Bxf2 39.
Kxf2 Qf5 40. Qa4 Rf6 41. Ke3 Qxf4+ 42. Qxf4 Rxf4 43. Kxf4 Kg6 44. b3 Kf6 45.
Ke4 h5 46. Kd5 h4 47. Kc6 Ke6 48. Kb7 Kd6 0-1

[Event "Mittelfrankenliga 05/06 (B2b)"]
[Site "Mfr.2005/06-R8"]
[Date "2006.04.02"]
[Round "8.5"]
[White "Sommer, Dieter"]
[Black "Billmann, Andreas"]
[Result "0-1"]
[WhiteElo "1719"]
[BlackElo "1872"]
[Annotator "SW Nbg.3-Ansbach1"]
[PlyCount "56"]
[EventDate "2006.04.02"]
[SourceDate "2005.10.17"]

1. d4 f5 2. c4 Nf6 3. Nf3 e6 4. Nc3 d5 5. Bg5 Be7 6. e3 O-O 7. Bd3 c6 8. c5
Nbd7 9. O-O Ne4 10. Bxe7 Qxe7 11. Qc2 e5 12. Bxe4 fxe4 13. Ne1 Qg5 14. Ne2 Rf6
15. Ng3 Rh6 16. f4 Qh4 17. dxe5 Nxe5 18. fxe5 Qxh2+ 19. Kf2 Bg4 20. Nxe4 dxe4
21. Qc4+ Be6 22. Qxe4 Bd5 23. Qg4 Rg6 24. Qh3 Rxg2+ 25. Qxg2 Bxg2 26. Nxg2 Rf8+
27. Ke1 Qg3+ 28. Ke2 Qxg2+ 0-1

[Event "Mittelfrankenliga 05/06 (B2b)"]
[Site "Mfr.2005/06-R8"]
[Date "2006.04.02"]
[Round "8.6"]
[White "Hintyes, Helmuth"]
[Black "Drechsler, Alfred"]
[Result "0-1"]
[WhiteElo "1806"]
[BlackElo "1711"]
[Annotator "SW Nbg.3-Ansbach1"]
[PlyCount "78"]
[EventDate "2006.04.02"]
[SourceDate "2005.10.17"]

1. c4 e6 2. d4 c6 3. Nc3 d5 4. cxd5 cxd5 5. Nf3 Nf6 6. Bg5 Be7 7. e3 Bd7 8. Rc1
a6 9. Bd3 Nc6 10. O-O b5 11. Bb1 Ng4 12. Bxe7 Qxe7 13. h3 Nf6 14. Re1 O-O 15.
e4 b4 16. Nxd5 exd5 17. exd5 Qd6 18. dxc6 Bxc6 19. Ne5 Bd5 20. Qd3 Rad8 21. Ng4
g6 22. Nxf6+ Qxf6 23. Re5 Rfe8 24. Qe3 Rxe5 25. dxe5 Qe7 26. Re1 Re8 27. Qd4
Be6 28. f4 Rd8 29. Qf2 a5 30. b3 Qd7 31. g4 a4 32. bxa4 Qxa4 33. f5 Bc4 34. e6
fxe6 35. fxe6 Rf8 36. Qb6 Qa3 37. Kh2 Qb2+ 38. Kg1 Qc3 39. Qe3 Rf1+ 0-1

[Event "Mittelfrankenliga 05/06 (B2b)"]
[Site "Mfr.2005/06-R8"]
[Date "2006.04.02"]
[Round "8.7"]
[White "Ditt, Norbert"]
[Black "Mueller, Werner[66]"]
[Result "1/2-1/2"]
[WhiteElo "1647"]
[BlackElo "1830"]
[Annotator "SW Nbg.3-Ansbach1"]
[PlyCount "129"]
[EventDate "2006.04.02"]
[SourceDate "2005.10.17"]

1. c4 e5 2. Nc3 d6 3. g3 Be6 4. d3 Nc6 5. Bg2 Qd7 6. Nd5 Nge7 7. Bg5 Nd8 8.
Bxe7 Bxe7 9. Nf3 c6 10. Nxe7 Qxe7 11. O-O O-O 12. a3 f6 13. Nd2 Qd7 14. Re1 Bh3
15. Bh1 Ne6 16. b4 Ng5 17. b5 c5 18. Ne4 Qe7 19. f3 Be6 20. Nf2 Nh3+ 21. Nxh3
Bxh3 22. a4 f5 23. Bg2 Bxg2 24. Kxg2 f4 25. Rh1 Rf6 26. g4 Rh6 27. Qe1 Rh4 28.
Qa5 Qd8 29. Qe1 Kf7 30. Qf2 Qg5 31. Rae1 Rf8 32. h3 Kg8 33. Rb1 Qd8 34. Qe1 g5
35. Qd2 Kg7 36. Rbe1 Rh8 37. e3 fxe3 38. Qxe3 Rf8 39. Qe4 Qd7 40. Qd5 Qf7 41.
Qe4 Qd7 42. a5 Rf4 43. Qe3 Qd8 44. Qd2 Qf6 45. Rhf1 Qh6 46. Rh1 Qf6 47. Qd1 Qf7
48. Re4 Qf6 49. Qe2 Rh6 50. Qf2 Qd8 51. Qe1 Rhf6 52. Rf1 Qf8 53. Rxf4 Rxf4 54.
h4 gxh4 55. Qxh4 Qf6 56. Qxf6+ Kxf6 57. Kf2 Kg6 58. Rh1 h6 59. Rh5 Rd4 60. Ke3
Rf4 61. Ke2 Rd4 62. Ke3 Rf4 63. Ke2 Rd4 64. Ke3 Rf4 65. Ke2 1/2-1/2

[Event "Mittelfrankenliga 05/06 (B2b)"]
[Site "Mfr.2005/06-R8"]
[Date "2006.04.02"]
[Round "8.8"]
[White "Bala, Claudiu"]
[Black "Riess, Michael"]
[Result "1-0"]
[WhiteElo "1649"]
[BlackElo "1485"]
[Annotator "SW Nbg.3-Ansbach1"]
[PlyCount "65"]
[EventDate "2006.04.02"]
[SourceDate "2005.10.17"]

1. c4 Nf6 2. Nc3 e5 3. g3 Nc6 4. Bg2 Be7 5. Nf3 O-O 6. O-O d6 7. d4 Nxd4 8.
Nxd4 exd4 9. Qxd4 c6 10. Rd1 Qb6 11. Qd3 Rd8 12. Rb1 Qa5 13. b4 Qf5 14. e4 Qg6
15. f4 h6 16. f5 Qh7 17. Bh3 Nd7 18. Bf4 Nf8 19. b5 g5 20. fxg6 Qxg6 21. Bf5
Qg7 22. Ne2 Ng6 23. Bxg6 fxg6 24. bxc6 bxc6 25. Nd4 c5 26. Nc6 Rd7 27. Qd5+ Kh7
28. Nxe7 Qxe7 29. Qxa8 Bb7 30. Rxb7 Rxb7 31. Bxd6 Qxe4 32. Bxc5 Qf3 33. Rd7+
1-0

[Event "Mittelfrankenliga 05/06 (B2b)"]
[Site "Mfr.2005/06-R8"]
[Date "2006.04.02"]
[Round "8.1"]
[White "Meyer, Friedrich[59]"]
[Black "Kendzia, Nikolai"]
[Result "1-0"]
[WhiteElo "1861"]
[BlackElo "1921"]
[Annotator "Postbauer2-Gunzenhausen/Wbg.2"]
[PlyCount "71"]
[EventDate "2006.04.02"]
[SourceDate "2005.10.17"]

1. d4 Nf6 2. Nf3 g6 3. Nc3 Bg7 4. e4 d6 5. Be3 O-O 6. Qd2 Nc6 7. O-O-O a6 8.
Bh6 b5 9. Bxg7 Kxg7 10. Bd3 Nb4 11. e5 Nxd3+ 12. Qxd3 dxe5 13. dxe5 Qxd3 14.
exf6+ exf6 15. Rxd3 Bf5 16. Rd2 c5 17. Re1 Rab8 18. h3 Rfc8 19. Nd5 Be6 20. Kb1
a5 21. Nf4 Rc6 22. Nxe6+ fxe6 23. Rd7+ Kg8 24. Red1 Rcc8 25. Kc1 a4 26. Re7 c4
27. c3 b4 28. Rdd7 a3 29. bxa3 b3 30. axb3 Rxb3 31. Rg7+ Kf8 32. Kc2 Rcb8 33.
Nd4 Rb2+ 34. Kd1 Rxf2 35. Nxe6+ Ke8 36. Rde7# 1-0

[Event "Mittelfrankenliga 05/06 (B2b)"]
[Site "Mfr.2005/06-R8"]
[Date "2006.04.02"]
[Round "8.3"]
[White "Kiersch, Helmut"]
[Black "Firla, Erwin"]
[Result "1/2-1/2"]
[WhiteElo "1898"]
[BlackElo "1939"]
[Annotator "Postbauer2-Gunzenhausen/Wbg.2"]
[PlyCount "158"]
[EventDate "2006.04.02"]
[SourceDate "2005.10.17"]

1. e4 e5 2. Nf3 Nc6 3. Bb5 a6 4. Bc4 Nf6 5. O-O b5 6. Bb3 Be7 7. Re1 O-O 8. c3
d5 9. exd5 Nxd5 10. Nxe5 Nxe5 11. Rxe5 c6 12. Bxd5 cxd5 13. d4 Bd6 14. Re1 Qh4
15. g3 Qh3 16. Qe2 Bg4 17. Qf1 Qh5 18. h4 Rae8 19. Be3 Re6 20. Nd2 Rfe8 21. Nb3
Bxg3 22. fxg3 Rxe3 23. Rxe3 Rxe3 24. Qf4 Re8 25. Rf1 h6 26. Nc5 g5 27. Qf6 Bh3
28. Rf2 gxh4 29. gxh4 Re1+ 30. Kh2 Bg4 31. Nd3 Re3 32. Nf4 Qf5 33. Qxf5 Bxf5
34. Nxd5 Rh3+ 35. Kg2 Be6 36. Nc7 Rxh4 37. Nxe6 fxe6 38. Rf6 Re4 39. Kf3 Re1
40. Rxh6 Kg7 41. Rh2 Kf6 42. Re2 Rh1 43. Ke3 Ke7 44. Kd3 Kd6 45. Kc2 a5 46. Kb3
Rh5 47. a4 Rg5 48. axb5 Rxb5+ 49. Ka4 Rh5 50. b3 Rh3 51. Rc2 Rh5 52. c4 Rh3 53.
Rd2 Rc3 54. Ka3 Rh3 55. Kb2 Rg3 56. Kc2 Rh3 57. Rd3 Rh2+ 58. Kc3 Rg2 59. Re3
Rg5 60. c5+ Kd5 61. c6 Kxc6 62. Rxe6+ Kd5 63. Ra6 Rg3+ 64. Kb2 Kxd4 65. Rxa5
Rg1 66. Ka3 Rg8 67. Kb4 Rb8+ 68. Rb5 Ra8 69. Rb7 Kd5 70. Kb5 Kd6 71. b4 Rc8 72.
Kb6 Rc6+ 73. Ka7 Rc4 74. b5 Kc5 75. b6 Ra4+ 76. Kb8 Rh4 77. Ka8 Kc6 78. Kb8 Rg4
79. Ka8 Rb4 1/2-1/2

[Event "Mittelfrankenliga 05/06 (B2b)"]
[Site "Mfr.2005/06-R8"]
[Date "2006.04.02"]
[Round "8.4"]
[White "Pfeiffer, Georg"]
[Black "Enderlein, Hermann"]
[Result "1-0"]
[WhiteElo "1911"]
[BlackElo "1937"]
[Annotator "Postbauer2-Gunzenhausen/Wbg.2"]
[PlyCount "43"]
[EventDate "2006.04.02"]
[SourceDate "2005.10.17"]

1. e4 e6 2. d4 c5 3. d5 d6 4. c4 e5 5. f4 exf4 6. Bxf4 Qf6 7. Qd2 h6 8. Nf3 g5
9. Bg3 Nd7 10. Nc3 a6 11. h3 Ne7 12. Be2 Ng6 13. O-O Qe7 14. e5 dxe5 15. Rae1
Bg7 16. Bd3 O-O 17. Bxg6 fxg6 18. Qd3 Nb6 19. Nxe5 Bf5 20. Rxf5 Rxf5 21. Nxg6
Qf7 22. Ne7+ 1-0

[Event "Mittelfrankenliga 05/06 (B2b)"]
[Site "Mfr.2005/06-R8"]
[Date "2006.04.02"]
[Round "8.5"]
[White "Fising, Robert"]
[Black "Naegelein, Albert Franz"]
[Result "0-1"]
[WhiteElo "1642"]
[BlackElo "1834"]
[Annotator "Postbauer2-Gunzenhausen/Wbg.2"]
[PlyCount "110"]
[EventDate "2006.04.02"]
[SourceDate "2005.10.17"]

1. Nf3 d5 2. g3 Nc6 3. d4 Bf5 4. c4 e6 5. Nc3 Nb4 6. e4 dxe4 7. Nh4 Nf6 8. a3
Nc6 9. d5 Ne5 10. Qa4+ Qd7 11. Nxf5 exf5 12. Qxd7+ Kxd7 13. Be2 Bc5 14. O-O h6
15. b4 Bd4 16. Bb2 a5 17. Rad1 axb4 18. axb4 Bxc3 19. Bxc3 Ng6 20. Ra1 Rhe8 21.
Kg2 f4 22. f3 exf3+ 23. Bxf3 Rxa1 24. Rxa1 fxg3 25. hxg3 Ne5 26. Be2 Ne4 27.
Bd4 Kd6 28. Rd1 b6 29. Bf1 f5 30. Be2 g6 31. Bb2 Ra8 32. Ra1 Rxa1 33. Bxa1 Nd2
34. Bxe5+ Kxe5 35. Kf2 Kd4 36. c5 Kxd5 37. cxb6 cxb6 38. Ke3 Ne4 39. Bf3 Ke5
40. g4 Nd6 41. Be2 fxg4 42. Bxg4 h5 43. Be2 h4 44. Kf3 g5 45. Kg4 Kf6 46. Bd3
Nf7 47. Bf1 Ne5+ 48. Kh3 Kf5 49. Be2 Kf4 50. Bh5 Nd3 51. b5 Nf2+ 52. Kg2 Ke3
53. Kh2 g4 54. Kg1 g3 55. Be8 h3 0-1

[Event "Mittelfrankenliga 05/06 (B2b)"]
[Site "Mfr.2005/06-R8"]
[Date "2006.04.02"]
[Round "8.6"]
[White "Ceglar, Michael"]
[Black "Reichert, Romuald"]
[Result "0-1"]
[WhiteElo "1834"]
[BlackElo "1747"]
[Annotator "Postbauer2-Gunzenhausen/Wbg.2"]
[PlyCount "74"]
[EventDate "2006.04.02"]
[SourceDate "2005.10.17"]

1. e4 e5 2. f4 d5 3. exd5 exf4 4. Nf3 Nf6 5. d4 Nxd5 6. Bc4 Be6 7. Qe2 Bb4+ 8.
c3 Be7 9. O-O Nc6 10. Rf2 g5 11. Bxd5 Qxd5 12. c4 Qxc4 13. Nbd2 Qxe2 14. Rxe2
O-O-O 15. Nb3 g4 16. Ne5 Nxe5 17. Rxe5 Bd6 18. Re1 h5 19. Bd2 h4 20. Bc3 Bd5
21. Nd2 Rde8 22. Nf1 Kd7 23. Kf2 f5 24. a3 h3 25. g3 Rxe1 26. Rxe1 Re8 27. Rxe8
Kxe8 28. gxf4 Bxf4 29. Ng3 Be4 30. Kg1 Kd7 31. Nh5 Be3+ 32. Kf1 Ke6 33. Ng3
Bd3+ 34. Ke1 f4 35. Nh1 Kd5 36. Nf2 Bf5 37. b3 g3 0-1

[Event "Mittelfrankenliga 05/06 (B2b)"]
[Site "Mfr.2005/06-R8"]
[Date "2006.04.02"]
[Round "8.7"]
[White "Jaeger, Peter[63]"]
[Black "Grimm, Pascal"]
[Result "0-1"]
[WhiteElo "1799"]
[BlackElo "1763"]
[Annotator "Postbauer2-Gunzenhausen/Wbg.2"]
[PlyCount "114"]
[EventDate "2006.04.02"]
[SourceDate "2005.10.17"]

1. d4 Nf6 2. f3 c5 3. d5 d6 4. c4 b5 5. b3 g6 6. Bb2 Bg7 7. Nd2 O-O 8. e4 Nbd7
9. Qc2 b4 10. Nh3 Nb6 11. Nf2 a5 12. Be2 a4 13. a3 Bd7 14. axb4 cxb4 15. O-O
Qc7 16. Bd4 axb3 17. Qxb3 Nxe4 18. Bxg7 Nxd2 19. Qb2 Nxf1 20. Bxf8 Rxf8 21.
Kxf1 Nxc4 22. Qd4 Rc8 23. Ra7 Nd2+ 24. Ke1 Qc1+ 25. Nd1 Nb3 26. Qxb4 Nc5 27. h4
e6 28. dxe6 Bxe6 29. Qd2 Qxd2+ 30. Kxd2 Nb3+ 31. Ke3 d5 32. Ra3 Kg7 33. Bd3 d4+
34. Kf4 Kf6 35. g4 h6 36. Nf2 g5+ 37. Kg3 Nd2 38. Ra4 Bc4 39. Bxc4 Rxc4 40.
Rxc4 Nxc4 41. f4 gxh4+ 42. Kxh4 Nb2 43. Kg3 Ke6 44. Kf3 Kd5 45. Ke2 Kc4 46. Kd2
d3 47. g5 hxg5 48. fxg5 Kd4 49. Nh3 Nc4+ 50. Kd1 Ke3 51. Kc1 d2+ 52. Kc2 Nb2
53. Nf2 Kxf2 54. Kxd2 Kf3 55. Kc3 Nd1+ 56. Kd2 Ne3 57. Kd3 Kf4 0-1

[Event "Mittelfrankenliga 05/06 (B2b)"]
[Site "Mfr.2005/06-R8"]
[Date "2006.04.02"]
[Round "8.8"]
[White "Riexinger, Martin"]
[Black "Gajewski, Richard"]
[Result "0-1"]
[WhiteElo "1620"]
[BlackElo "1589"]
[Annotator "Postbauer2-Gunzenhausen/Wbg.2"]
[PlyCount "66"]
[EventDate "2006.04.02"]
[SourceDate "2005.10.17"]

1. Nf3 e6 2. g3 b6 3. Bg2 Bb7 4. d3 Be7 5. O-O h5 6. e4 Nc6 7. d4 d5 8. e5 Nh6
9. Bxh6 Rxh6 10. b3 Na5 11. c3 Ba6 12. Re1 Qd7 13. Nbd2 O-O-O 14. b4 Nc4 15.
Nxc4 dxc4 16. a4 h4 17. Nxh4 Bxh4 18. gxh4 Bb7 19. Bxb7+ Kxb7 20. h5 Rdh8 21.
Ra2 Rxh5 22. f4 Rh3 23. Qc1 R8h6 24. Ree2 Qd5 25. Rg2 g6 26. Rac2 R6h4 27. Rcf2
Rd3 28. Qe1 Rhh3 29. Rc2 Qf3 30. Rgf2 Qg4+ 31. Rg2 Qh5 32. Qe4+ Kb8 33. Qc6
Qd1+ 0-1

[Event "Mittelfrankenliga 05/06 (B2a)"]
[Site "Mfr.2005/06-R8"]
[Date "2006.04.02"]
[Round "8.1"]
[White "Kuhlmann, Christoph,Dr"]
[Black "Auer, Guenther"]
[Result "1/2-1/2"]
[WhiteElo "2097"]
[BlackElo "1973"]
[Annotator "Altensittenbach2-Lauf1"]
[PlyCount "96"]
[EventDate "2006.04.02"]
[SourceDate "2005.10.17"]

1. c4 f5 2. Nc3 Nf6 3. g3 g6 4. Bg2 Bg7 5. h4 h6 6. d4 d6 7. d5 Na6 8. Nh3 Nc5
9. Nf4 Kf7 10. Be3 Nfe4 11. Nxe4 Nxe4 12. Bxe4 fxe4 13. Qc2 c5 14. Ne6 Bxe6 15.
dxe6+ Kxe6 16. Qxe4+ Kf7 17. h5 g5 18. Qg6+ Kf8 19. Qf5+ Ke8 20. O-O Bf6 21.
Qg6+ Kd7 22. Rfd1 Qe8 23. Qe4 Kc7 24. g4 Qc6 25. Rd5 Rae8 26. Qc2 Qd7 27. f3
Qe6 28. Bf2 Kb8 29. Rb1 Rc8 30. b4 Bd4 31. bxc5 Bxf2+ 32. Kxf2 Rxc5 33. Qb2 Qc8
34. Rxc5 Qxc5+ 35. Kf1 Qc8 36. Qg7 Qf8 37. Qd4 Qf6 38. Qd5 b6 39. a4 Rc8 40. a5
Rc5 41. Qd2 Rc6 42. Qe3 Kb7 43. Rb5 Rc5 44. Rxc5 bxc5 45. Kg2 Kc7 46. Qe4 a6
47. e3 Kd7 48. Kg3 Qc3 1/2-1/2

[Event "Mittelfrankenliga 05/06 (B2a)"]
[Site "Mfr.2005/06-R8"]
[Date "2006.04.02"]
[Round "8.2"]
[White "Roesel, Gert"]
[Black "Hauernherm-Thoma, Wolfgang"]
[Result "1-0"]
[WhiteElo "1889"]
[BlackElo "2071"]
[Annotator "Altensittenbach2-Lauf1"]
[PlyCount "72"]
[EventDate "2006.04.02"]
[SourceDate "2005.10.17"]

1. e4 d6 2. d4 Nf6 3. Nc3 c6 4. f4 Qa5 5. Bd3 e5 6. dxe5 dxe5 7. f5 Nbd7 8. Qe2
b5 9. Bd2 b4 10. Nd1 Nc5 11. Nf3 Nxd3+ 12. cxd3 Ba6 13. Ne3 Nxe4 14. Nc4 Qd5
15. Nfxe5 Nxd2 16. Kxd2 O-O-O 17. Rac1 Bc5 18. Qf3 Qxf3 19. Nxf3 Rd5 20. g4
Rhd8 21. Nfe5 Bxc4 22. Nxc4 Rxd3+ 23. Ke2 R3d4 24. Na5 Re8+ 25. Kf1 Bb6 26.
Nxc6 Rf4+ 27. Kg2 Kb7 28. Rhd1 Re2+ 29. Kg3 Rff2 30. Rd7+ Ka6 31. Nxb4+ Kb5 32.
Nd3 Rg2+ 33. Kf3 Rxh2 34. Rd5+ Ka6 35. Nb4+ Kb7 36. Rd7+ Kb8 1-0

[Event "Mittelfrankenliga 05/06 (B2a)"]
[Site "Mfr.2005/06-R8"]
[Date "2006.04.02"]
[Round "8.3"]
[White "Puschak, Oliver"]
[Black "Endres, Christian"]
[Result "1-0"]
[WhiteElo "1918"]
[BlackElo "1720"]
[Annotator "Altensittenbach2-Lauf1"]
[PlyCount "117"]
[EventDate "2006.04.02"]
[SourceDate "2005.10.17"]

1. b4 d5 2. Bb2 Nf6 3. e3 Bf5 4. Nf3 e6 5. a3 c5 6. b5 Bd6 7. Be2 O-O 8. O-O
Nbd7 9. Nh4 Bg6 10. f4 Ne8 11. Nxg6 hxg6 12. c4 dxc4 13. Bxc4 Nc7 14. Nc3 a6
15. a4 axb5 16. Nxb5 Nxb5 17. Bxb5 Nf6 18. Rf3 Be7 19. Qc2 Nd5 20. Rb1 b6 21.
g4 Nb4 22. Qd1 Bf6 23. Ba3 Nd5 24. g5 Be7 25. Rh3 Nxf4 26. exf4 Qd4+ 27. Kg2
Qxf4 28. Rbb3 Bxg5 29. Rbe3 Qd4 30. Rd3 Qe4+ 31. Qf3 Qe1 32. Qf2 Qxf2+ 33. Kxf2
Rad8 34. Ke2 Bf4 35. Bc1 Rxd3 36. Bxd3 Rd8 37. Rh4 g5 38. Rh5 g6 39. Rh3 Rd4
40. Bb2 g4 41. Rh4 Bg5 42. Bxd4 Bxh4 43. Be5 Bd8 44. Bc4 Kf8 45. Kf2 Ke7 46.
Kg3 f5 47. Bb5 g5 48. d3 Kf7 49. Kg2 Ke7 50. Bc6 Kf7 51. Kf2 Ke7 52. Ke2 Kf7
53. Kd2 Ke7 54. Kc3 Kf7 55. Kc4 Ke7 56. Kb5 Kf7 57. Ka6 f4 58. Kb7 Bf6 59. Bxf6
1-0

[Event "Mittelfrankenliga 05/06 (B2a)"]
[Site "Mfr.2005/06-R8"]
[Date "2006.04.02"]
[Round "8.4"]
[White "Ammon, Tobias"]
[Black "Petersammer, Georg"]
[Result "1-0"]
[WhiteElo "1789"]
[BlackElo "1970"]
[Annotator "Altensittenbach2-Lauf1"]
[PlyCount "107"]
[EventDate "2006.04.02"]
[SourceDate "2005.10.17"]

1. c4 c5 2. Nc3 Nf6 3. g3 g6 4. Bg2 Bg7 5. d3 Nc6 6. a3 O-O 7. Rb1 e6 8. Bg5 h6
9. Be3 Qe7 10. Nh3 Rd8 11. Ne4 d6 12. Nxf6+ Qxf6 13. Qc1 Kh7 14. Ng5+ hxg5 15.
Bxg5 Qe5 16. Bxc6 f6 17. Bf4 Qh5 18. Bg2 g5 19. Bd2 Rb8 20. h4 g4 21. Qc2 f5
22. Qa4 a6 23. Ba5 Rd7 24. Bd2 b5 25. cxb5 axb5 26. Qc2 Bb7 27. Bxb7 Rdxb7 28.
b4 cxb4 29. axb4 Qe8 30. Rc1 Be5 31. Qb3 Rc8 32. O-O Rbc7 33. Rxc7+ Rxc7 34.
Rc1 Rxc1+ 35. Bxc1 Qc6 36. Bb2 Qd7 37. Bxe5 dxe5 38. Qc3 e4 39. d4 e5 40. dxe5
Qd1+ 41. Kg2 Qxe2 42. e6 Kg8 43. Qc8+ Kh7 44. Qc7+ Kh8 45. Qd8+ Kh7 46. Qe7+
Kg8 47. Qf7+ Kh8 48. Qxf5 e3 49. Qe5+ Kg8 50. Qxe3 Qc4 51. Qg5+ Kh8 52. Qf6+
Kh7 53. e7 Qc6+ 54. Qxc6 1-0

[Event "Mittelfrankenliga 05/06 (B2a)"]
[Site "Mfr.2005/06-R8"]
[Date "2006.04.02"]
[Round "8.5"]
[White "Zach, Andreas[59]"]
[Black "Schoemig, Anton"]
[Result "0-1"]
[WhiteElo "1879"]
[BlackElo "1866"]
[Annotator "Altensittenbach2-Lauf1"]
[PlyCount "76"]
[EventDate "2006.04.02"]
[SourceDate "2005.10.17"]

1. d4 Nf6 2. Bg5 Ne4 3. Bf4 c5 4. f3 Qa5+ 5. c3 Nf6 6. dxc5 Qxc5 7. Nd2 d5 8.
Nb3 Qb6 9. Qd2 Nc6 10. Be3 Qc7 11. Bc5 g6 12. e3 a6 13. Ba3 Bg7 14. Ne2 O-O 15.
Nf4 Rd8 16. O-O-O b5 17. Kb1 Bf5+ 18. Bd3 Bxd3+ 19. Nxd3 e6 20. g4 Nd7 21. h4
a5 22. f4 Rdb8 23. h5 b4 24. cxb4 axb4 25. Nxb4 Nxb4 26. Bxb4 Qc4 27. Bc3 Rxa2
28. hxg6 Bxc3 29. Qxc3 Qxc3 30. bxc3 Rg2 31. gxf7+ Kg7 32. c4 Rxb3+ 33. Ka1
Ra3+ 34. Kb1 Rb3+ 35. Ka1 Rbb2 36. cxd5 Nc5 37. Rxh7+ Kxh7 38. f8=N+ Kg8 0-1

[Event "Mittelfrankenliga 05/06 (B2a)"]
[Site "Mfr.2005/06-R8"]
[Date "2006.04.02"]
[Round "8.6"]
[White "Schwarm, Werner"]
[Black "Linkies, Michael"]
[Result "1/2-1/2"]
[WhiteElo "1809"]
[BlackElo "1660"]
[Annotator "Altensittenbach2-Lauf1"]
[PlyCount "34"]
[EventDate "2006.04.02"]
[SourceDate "2005.10.17"]

1. e4 e6 2. d4 d5 3. exd5 exd5 4. Bd3 Bd6 5. Qf3 Be6 6. Ne2 Nf6 7. h3 c6 8. Bg5
Nbd7 9. O-O Qb6 10. Nd2 h6 11. Bf4 Qc7 12. Rfe1 O-O-O 13. Bxd6 Qxd6 14. Qf4
Qxf4 15. Nxf4 Nf8 16. Nxe6 Nxe6 17. Bf5 Rhe8 1/2-1/2

[Event "Mittelfrankenliga 05/06 (B2a)"]
[Site "Mfr.2005/06-R8"]
[Date "2006.04.02"]
[Round "8.7"]
[White "Krausser, Hans"]
[Black "Churt, Kerstin,Dr."]
[Result "0-1"]
[WhiteElo "1874"]
[BlackElo "1787"]
[Annotator "Altensittenbach2-Lauf1"]
[PlyCount "70"]
[EventDate "2006.04.02"]
[SourceDate "2005.10.17"]

1. e4 c5 2. Nf3 Nc6 3. d4 cxd4 4. Nxd4 a6 5. Nc3 e5 6. Nf5 d6 7. Ne3 Nf6 8.
Ned5 Be6 9. Bg5 Be7 10. Nxe7 Nxe7 11. Bxf6 gxf6 12. Qf3 Nc6 13. Bd3 Nd4 14. Qe3
Rg8 15. g3 Rc8 16. f4 Qb6 17. Nd1 Rxc2 18. O-O exf4 19. Rxf4 Ne2+ 20. Bxe2
Qxe3+ 21. Nxe3 Rxe2 22. Nd1 Ke7 23. Rc1 Rc8 24. Rxc8 Bxc8 25. Nc3 Rxb2 26. Nd5+
Kf8 27. Nxf6 Rxa2 28. Nxh7+ Kg7 29. Ng5 f6 30. Nf3 Bh3 31. Nd4 Rg2+ 32. Kh1 Rd2
33. Nf5+ Kf7 34. Ne3 Re2 35. Rf3 Re1+ 0-1